Statistics for Pretty Little Liars Quiz

Click here to take the quiz!

General Stats

  • This quiz has been taken 714 times
  • The average score is 11 of 12

Answer Stats

HintAnswer% Correct
Who has the surname Montgomery?Aria
100%
Which character is on the swim team?Emily
100%
Which character loves shopping?Hanna
99%
Whos blind?Jenna
98%
What town is it set in?Rosewood
98%
Who is the smart character?Spencer
98%
Who is Jennas step brother?Toby
98%
What is a Alisons brother called?Jason
97%
Which character is a wizz with phones?Caleb
92%
What is the name of the English teacher who has a relationship with a student?Ezra Fitz
92%
What is the name of the swim team?Sharks
85%
Who gets sent away for doing drugs?Maya
61%

Score Distribution

Percentile by Number Answered

Percent of People with Each Score

Your Score History

You have not taken this quiz